America and the world political economy / (Record no. 38423)

MARC details
000 -LEADER
campo de control de longitud fija 00488nam a2200157 i 4500
001 - NÚMERO DE CONTROL
campo de control 38423
003 - IDENTIFICADOR DE NÚMERO DE CONTROL
campo de control ES-MaACL
007 - CAMPO FIJO DE DESCRIPCIÓN FÍSICA--INFORMACIÓN GENERAL
campo de control de longitud fija t|
008 - DATOS DE LONGITUD FIJA--INFORMACIÓN GENERAL
campo de control de longitud fija 030225s1973 xxu ||||1| eng d
100 1# - ENTRADA PRINCIPAL--NOMBRE DE PERSONA
Nombre de persona Calleo, David P.
9 (RLIN) 33746
245 10 - MENCIÓN DEL TÍTULO
Título America and the world political economy /
Mención de responsabilidad, etc. David P. Calleo, Benjamin M. Rowland.
260 ## - PUBLICACIÓN, DISTRIBUCIÓN, ETC.
Lugar de publicación, distribución, etc. Bloonington :
Nombre del editor, distribuidor, etc. Indiana University,
Fecha de publicación, distribución, etc. [1973]
300 ## - DESCRIPCIÓN FÍSICA
Extensión XII, 371 p. ;
Dimensiones 20 cm.
700 1# - ENTRADA AGREGADA--NOMBRE PERSONAL
Nombre de persona Rowland, Benjamin M.
9 (RLIN) 100181
852 ## - LOCALIZACIÓN
Ubicación ES-MaACL
Número de control de estantería E-7415
Sublocalización o colección R.91240
Holdings
Estatus retirado Estado de pérdida Estado de daño No para préstamo Biblioteca de origen Biblioteca actual Ubicación en estantería Fecha de adquisición Fuente de adquisición Total de préstamos Signatura topográfica completa Código de barras Visto por última vez Precio de reemplazo Tipo de ítem Koha
        Biblioteca del Ateneo de Madrid Biblioteca del Ateneo de Madrid Depósito 2 17/01/2008     E-7415 1040453 23/02/2023 23/02/2023 Libro impreso